Eurovision National Finals - Statistics

General Stats
  • This quiz has been taken 35 times
  • The average score is 16 of 25
Answer Stats
Country Artist Song Festival Name % Correct
Sweden Felicia My System Melodifestivalen
94%
Norway Jonas Lovv Ya Ya Ya Melodi Grand Prix
94%
Croatia Lelek Andromeda DORA
90%
Italy Sal Da Vinci Per Sempre Sì Sanremo
90%
Finland Pete Parkkonen Linda Lampenius Liekinheitin Uuden Musiikin Kilpailu
90%
Ukraine Leléka Ridnym Vidbir
81%
Estonia Vanilla Ninja Too Epic To Be True Eesti Laul
71%
Albania Alis Nân Festivali i Këngës
71%
Luxembourg Eva Marija Mother Nature Luxembourg Song Contest
71%
Latvia Atvara Ēnā Supernova
71%
Malta Aidan Bella Malta Eurovision Song Contest
68%
Denmark Søren Torpegaard Lund Før vi går hjem Dansk Melodi Grand Prix
65%
Portugal Bandidos do Cante Rosa Festival da Canção
65%
San Marino Senhit ft Boy George Superstar San Marino Song Contest
65%
Montenegro Tamara Živković Nova Zora Montesong
61%
Serbia Lavina Kraj Mene Pesma za Evroviziju
58%
Greece Akylas Ferto Sing for Greece
55%
Moldova Satoshi Viva, Moldova! Selecția Națională
52%
Romania Alexandra Căpitănescu Choke Me Selecția Națională
52%
Germany Sarah Engels Fire Das Deutsche Finale
45%
Lithuania Lion Ceccah Sólo Quiero Más Eurovizija.LT
42%
Austria Cosmó Tanzschein Wer Singt für Österreich
39%
Israel Noam Bettan Michelle HaKokhav HaBa
29%
Bulgaria Dara Bangaranga Natsionalna Selektsiya
23%
Poland Alicja Pray Finał Krajowych Kwalifikacji
13%
No matching quizzes found
Score Distribution
Percent of People with Each Score
Percentile by Number Answered
Your Score History
You have not taken this quiz